The Encyclopedia of Drawing Techniques (Record no. 12933)
[ view plain ]
| 000 -LEADER | |
|---|---|
| fixed length control field | 00415nam a22001697a 4500 |
| 003 - CONTROL NUMBER IDENTIFIER | |
| control field | OSt |
| 008 - FIXED-LENGTH DATA ELEMENTS--GENERAL INFORMATION | |
| fixed length control field | 241022b |||||||| |||| 00| 0 eng d |
| 020 ## - INTERNATIONAL STANDARD BOOK NUMBER | |
| International Standard Book Number | 9781782212256 |
| 082 ## - DEWEY DECIMAL CLASSIFICATION NUMBER | |
| Classification number | 703 HAE |
| 100 ## - MAIN ENTRY--PERSONAL NAME | |
| Personal name | HARRISON, Hazel |
| 245 ## - TITLE STATEMENT | |
| Title | The Encyclopedia of Drawing Techniques |
| 250 ## - EDITION STATEMENT | |
| Edition statement | Reprint, |
| 260 ## - PUBLICATION, DISTRIBUTION, ETC. (IMPRINT) | |
| Place of publication, distribution, etc | United Kingdom, |
| Name of publisher, distributor, etc | Search Press, |
| Date of publication, distribution, etc | 2016, |
| 300 ## - PHYSICAL DESCRIPTION | |
| Extent | 160 p. |
| 650 ## - SUBJECT ADDED ENTRY--TOPICAL TERM | |
| Topical term or geographic name as entry element | B.FAD. |
| 942 ## - ADDED ENTRY ELEMENTS (KOHA) | |
| Source of classification or shelving scheme | Dewey Decimal Classification |
| Koha item type | Reference Books |
| Withdrawn status | Lost status | Source of classification or shelving scheme | Damaged status | Not for loan | Collection code | Home library | Current library | Date acquired | Source of acquisition | Currency | Cost, normal purchase price | Bill Number | Total Checkouts | Full call number | Acc. no. / Barcode | Date last seen | Actual Cost, discounted price | Bill Date | Koha item type |
|---|---|---|---|---|---|---|---|---|---|---|---|---|---|---|---|---|---|---|---|
| Dewey Decimal Classification | Bachelor of Fashion and Apparel Design | PIET NCR College Library | PIET NCR College Library | 01/10/2024 | Pankaj Publication International | In Rupees | 1739.64 | PPI-15 | 703 HAE | N3766 | 22/10/2024 | 1269.94 | 01/10/2024 | Reference Books |